[Event "TCh-FRA Top 16 Haute 2023"]
[Site "Chartres FRA"]
[Date "2023.06.11"]
[Round "4.4"]
[Board "8"]
[White "Djidjeli, Sarah"]
[Black "Navrotescu, Andreea"]
[Result "1/2-1/2"]
[WhiteTitle "WFM"]
[BlackTitle "WGM"]
[WhiteElo "2018"]
[BlackElo "2194"]
[WhiteTeam "Lyon Olympique Echecs"]
[BlackTeam "Mulhouse Philidor"]
[WhiteFideId "36067474"]
[BlackFideId "675946"]
[EventDate "2023.06.08"]

1. e4 c5 2. Nf3 e6 3. d4 cxd4 4. Nxd4 Nf6 5. Nc3 Nc6 6. g3 d5 7. exd5 exd5 8.
Bg2 Bg4 9. f3 Bd7 10. O-O Be7 11. Nce2 O-O 12. c3 Re8 13. Bd2 Ne5 14. b3 b5 15.
Be3 a5 16. Nf4 Ba3 17. Qd2 b4 18. Bf2 bxc3 19. Qxc3 Rc8 20. Qd2 Bb4 21. Qd1 Qe7
22. Nd3 Bc3 23. Rc1 Bxd4 24. Bxd4 Rxc1 25. Nxc1 Bb5 26. Rf2 Nc6 27. Bf1 Qe1 28.
Qxe1 Rxe1 29. Bxf6 Rxc1 30. Bg5 Ra1 31. a4 Bxf1 32. Rxf1 Rxf1+ 33. Kxf1 Nd4 34.
Be3 Nxb3 35. Ke2 d4 36. Bf2 f6 37. Kd3 Nc5+ 38. Kxd4 Nxa4 39. Be1 Nb6 1/2-1/2

[Event "TCh-FRA Top 16 Basse 2023"]
[Site "Chartres FRA"]
[Date "2023.06.08"]
[Round "1.1"]
[Board "1"]
[White "Piorun, Kacper"]
[Black "Bailet, Pierre"]
[Result "1/2-1/2"]
[WhiteTitle "GM"]
[BlackTitle "GM"]
[WhiteElo "2597"]
[BlackElo "2513"]
[WhiteTeam "Tremblay en France"]
[BlackTeam "Metz Fischer"]
[WhiteFideId "1130420"]
[BlackFideId "655830"]
[EventDate "2023.06.08"]

1. e4 e5 2. Nf3 Nc6 3. Bb5 Nf6 4. d3 Bc5 5. Ba4 O-O 6. O-O Re8 7. Bg5 h6 8. Bh4
Be7 9. Nc3 d6 10. h3 a6 11. Bxc6 bxc6 12. d4 Nxe4 13. Bxe7 Nxc3 14. Bxd8 Nxd1
15. Bxc7 Nxb2 16. Bxd6 exd4 17. Nxd4 Nc4 18. Bg3 c5 19. Nb3 Bf5 20. Rfd1 Bxc2
21. Rd5 Rac8 22. Rxc5 Bxb3 23. Rxc8 Rxc8 24. axb3 Nd2 25. Bf4 1/2-1/2

[Event "TCh-FRA Top 16 Basse 2023"]
[Site "Chartres FRA"]
[Date "2023.06.08"]
[Round "1.1"]
[Board "2"]
[White "Postny, Evgeny"]
[Black "Van Foreest, Lucas"]
[Result "1/2-1/2"]
[WhiteTitle "GM"]
[BlackTitle "GM"]
[WhiteElo "2549"]
[BlackElo "2547"]
[WhiteTeam "Metz Fischer"]
[BlackTeam "Tremblay en France"]
[WhiteFideId "2804344"]
[BlackFideId "1039792"]
[EventDate "2023.06.08"]

1. d4 Nf6 2. c4 e6 3. g3 d5 4. Bg2 dxc4 5. Qa4+ Bd7 6. Qxc4 c5 7. Nf3 Bc6 8. O-O
Nbd7 9. b3 Rc8 10. Bb2 cxd4 11. Qxd4 Bc5 12. Qd3 O-O 13. Nbd2 h6 14. Rac1 Qe7
15. Nd4 Bxg2 16. Kxg2 Rfd8 17. N4f3 Nb6 1/2-1/2

[Event "TCh-FRA Top 16 Basse 2023"]
[Site "Chartres FRA"]
[Date "2023.06.08"]
[Round "1.1"]
[Board "3"]
[White "Shchekachev, Andrei"]
[Black "Ganguly, Surya Shekhar"]
[Result "1-0"]
[WhiteTitle "GM"]
[BlackTitle "GM"]
[WhiteElo "2508"]
[BlackElo "2587"]
[WhiteTeam "Tremblay en France"]
[BlackTeam "Metz Fischer"]
[WhiteFideId "4107730"]
[BlackFideId "5002150"]
[EventDate "2023.06.08"]

1. Nf3 c5 2. c4 Nc6 3. d4 cxd4 4. Nxd4 Nf6 5. Nc3 e6 6. g3 Qb6 7. Ndb5 Ne5 8.
Bg2 a6 9. Qa4 Rb8 10. Na3 h5 11. O-O h4 12. Qb3 Qc7 13. Bf4 hxg3 14. hxg3 Nh5
15. Nab5 axb5 16. Nxb5 Qc5 17. Be3 Nxg3 18. fxg3 Qxc4 19. Qxc4 Nxc4 20. Ba7 Rh5
21. Nc7+ Kd8 22. Bxb8 Bc5+ 23. Rf2 Rf5 24. Bf3 Ne5 25. b4 Bxf2+ 26. Kxf2 Nc6 27.
Rc1 Nxb4 28. Na8 d5 29. g4 Rf6 30. Bc7+ 1-0

[Event "TCh-FRA Top 16 Basse 2023"]
[Site "Chartres FRA"]
[Date "2023.06.08"]
[Round "1.1"]
[Board "4"]
[White "Visakh, N R"]
[Black "Flom, Gabriel"]
[Result "1-0"]
[WhiteTitle "GM"]
[BlackTitle "GM"]
[WhiteElo "2542"]
[BlackElo "2442"]
[WhiteTeam "Metz Fischer"]
[BlackTeam "Tremblay en France"]
[WhiteFideId "25012223"]
[BlackFideId "621650"]
[EventDate "2023.06.08"]

1. e4 d6 2. d4 Nf6 3. Nc3 e5 4. Nf3 Nbd7 5. Bc4 Be7 6. O-O O-O 7. a4 c6 8. Re1
h6 9. Ba2 Re8 10. h3 Qc7 11. Be3 Nf8 12. dxe5 dxe5 13. Nh4 Be6 14. Qf3 Bxa2 15.
Rxa2 Ne6 16. Nf5 Bd8 17. a5 h5 18. Rd1 g6 19. Nd6 Rf8 20. Raa1 Be7 21. Nc4 Kg7
22. Na4 Nd7 23. Rab1 Bg5 24. Bxg5 Nxg5 25. Qe3 Ne6 26. b4 Rfd8 27. f3 h4 28. Kh2
b5 29. axb6 axb6 30. Rxd7 Rxd7 31. Naxb6 Rad8 32. Nxd7 Rxd7 33. Kh1 Rd4 34. c3
Rxc4 35. Qd3 Qd8 36. Qxc4 Qd2 37. Rg1 Nf4 38. Qb3 Ne2 39. Qd1 Ng3+ 40. Kh2 Qf4
41. Re1 Nxe4+ 42. Kg1 Nxc3 43. Qd6 f6 44. Qd7+ Kh6 45. Qg4 Qg3 46. Kf1 Nd5 47.
Re4 g5 48. Qe6 Qh2 49. Kf2 Qg3+ 50. Kg1 Kg7 51. Qxc6 Kg6 1-0

[Event "TCh-FRA Top 16 Basse 2023"]
[Site "Chartres FRA"]
[Date "2023.06.08"]
[Round "1.1"]
[Board "5"]
[White "Kuhn, Clement"]
[Black "Lazarev, Vladimir"]
[Result "1-0"]
[WhiteTitle "FM"]
[BlackTitle "GM"]
[WhiteElo "2313"]
[BlackElo "2496"]
[WhiteTeam "Tremblay en France"]
[BlackTeam "Metz Fischer"]
[WhiteFideId "36099775"]
[BlackFideId "4113250"]
[EventDate "2023.06.08"]

1. e4 c5 2. Nf3 Nc6 3. Bb5 e6 4. O-O Nge7 5. d4 cxd4 6. Nxd4 Ng6 7. Be3 Qc7 8.
Nd2 Bd6 9. g3 O-O 10. a4 b6 11. c3 Bb7 12. Be2 Be7 13. f4 Rac8 14. Nb5 Qb8 15.
h4 f6 16. b4 Nh8 17. Nb3 Rcd8 18. Qc2 Rc8 19. Qb1 Nf7 20. Rd1 Rfd8 21. Ra2 Ba8
22. Bf3 Qb7 23. Rad2 a6 24. Na3 Nxb4 25. cxb4 Bxb4 26. Ra2 f5 27. Bg2 fxe4 28.
Nc2 Bc3 29. Nd2 Bxd2 30. Rxd2 Rb8 31. Rb2 b5 32. axb5 axb5 33. Bf1 Qc7 34. Rxb5
Nd6 35. Bb6 Qc3 36. Rxd6 Qxg3+ 37. Bg2 Rxb6 38. Rdxb6 e3 39. Qf1 Bc6 40. Rg5 1-0

[Event "TCh-FRA Top 16 Basse 2023"]
[Site "Chartres FRA"]
[Date "2023.06.08"]
[Round "1.1"]
[Board "6"]
[White "Migot, Tangi"]
[Black "Abergel, Thal"]
[Result "1-0"]
[WhiteTitle "IM"]
[BlackTitle "GM"]
[WhiteElo "2373"]
[BlackElo "2373"]
[WhiteTeam "Metz Fischer"]
[BlackTeam "Tremblay en France"]
[WhiteFideId "662445"]
[BlackFideId "614890"]
[EventDate "2023.06.08"]

1. e4 d5 2. exd5 c6 3. d4 cxd5 4. Bd3 Nc6 5. c3 Qc7 6. h3 Nf6 7. Nf3 g6 8. O-O
Bg7 9. Re1 O-O 10. Nbd2 Nh5 11. Nb3 a5 12. a4 b6 13. Be3 Ba6 14. Bxa6 Rxa6 15.
Nc1 Raa8 16. Nd3 Rfe8 17. Qc1 Nf6 18. Bh6 Ne4 19. Bxg7 Kxg7 20. Ng5 Nxg5 21.
Qxg5 Qd6 22. Nf4 Rad8 23. Rad1 h6 24. Qg3 e6 25. Re3 Kh7 26. Qf3 Kg7 27. Qg3 Kh7
28. Qf3 Kg7 29. h4 Ne7 30. Re5 Nc6 31. Re3 Ne7 32. Qg4 Nf5 33. Re5 Kf8 34. Rde1
Ng7 35. Qf3 Kg8 36. g3 Qc6 37. Qd1 b5 38. axb5 Qxb5 39. Nd3 a4 40. Qc2 Ra8 41.
Ra1 Reb8 42. Ra3 Nf5 43. Re1 Rc8 44. Nc5 Qc4 45. Qd2 Rcb8 46. Rea1 Qb5 47. b4
Qc4 48. Rxa4 Rxa4 49. Rxa4 e5 50. dxe5 d4 51. cxd4 Nxd4 52. Qd3 Qc1+ 53. Kg2 Nc2
54. Qe4 Ne1+ 55. Kh2 Qd2 56. Qf4 Qe2 57. Ra1 Nf3+ 58. Kg2 Nxe5 59. Ne4 Qb2 60.
Ra5 Nc6 61. Rc5 Rb6 62. b5 Ne7 63. Nd6 Qa2 64. Nc4 Re6 65. b6 Qb1 66. Re5 g5 67.
hxg5 Ng6 68. Qf5 Qxf5 69. Rxf5 hxg5 70. b7 Re8 71. Rc5 Ne7 72. Nd6 1-0

[Event "TCh-FRA Top 16 Basse 2023"]
[Site "Chartres FRA"]
[Date "2023.06.08"]
[Round "1.1"]
[Board "7"]
[White "Mekhane, Adam"]
[Black "Micottis, Dorian"]
[Result "1-0"]
[WhiteTitle "FM"]
[BlackTitle "FM"]
[WhiteElo "2254"]
[BlackElo "2267"]
[WhiteTeam "Tremblay en France"]
[BlackTeam "Metz Fischer"]
[WhiteFideId "36050601"]
[BlackFideId "26021986"]
[EventDate "2023.06.08"]

1. e4 c6 2. d4 d5 3. exd5 cxd5 4. Bd3 Nc6 5. c3 Nf6 6. h3 e5 7. dxe5 Nxe5 8. Nf3
Nxd3+ 9. Qxd3 Bd6 10. O-O O-O 11. Bg5 h6 12. Bxf6 Qxf6 13. Nbd2 Rd8 14. Rfe1 a6
15. Nf1 Bf5 16. Qd4 Qxd4 17. Nxd4 Be4 18. Rad1 Rac8 19. Ne3 Bc5 20. Rd2 b5 21.
a3 Kf8 22. Kf1 Rd6 23. Nb3 Bb6 24. f3 Bxe3 25. Rxe3 Bf5 26. Nd4 Bd7 27. Ke2 g5
28. Kd3 a5 29. b4 Ra8 30. g4 axb4 31. axb4 Ra1 32. Ree2 Rda6 33. Re5 Rd6 34.
Ree2 Rda6 35. Nb3 Rh1 36. Nc5 Rd6 37. Rh2 Rf1 38. Rhf2 Rh1 39. Kd4 Ke7 40. Rfe2+
Be6 41. Rh2 Rf1 42. Rhf2 Rh1 43. Ra2 Rxh3 44. Ra5 h5 45. Rxb5 Rh1 46. Rb7+ Kf6
47. b5 h4 48. Rb2 Rd8 49. Ra7 h3 50. b6 h2 51. Nd3 Rc8 52. b7 Rc4+ 53. Ke3 Re1+
54. Nxe1 h1=Q 55. Nd3 Qg1+ 56. Rf2 Rxc3 57. b8=Q d4+ 58. Ke4 Rxd3 59. Qe5+ Kg6
60. Kxd3 Qxf2 61. Qe4+ Kh6 62. Ra1 Qe3+ 63. Qxe3 dxe3 64. Kxe3 Kg6 65. Ra6 Kf6
66. Ke4 Kg7 67. Ke5 Bc8 68. Rb6 Bd7 69. Rd6 Bc8 70. Rc6 Bb7 71. Rc3 Kg6 72. Rb3
Ba8 73. Kd6 Kf6 74. Rb5 Kg6 75. Rf5 Bb7 76. Ke7 1-0

[Event "TCh-FRA Top 16 Basse 2023"]
[Site "Chartres FRA"]
[Date "2023.06.08"]
[Round "1.1"]
[Board "8"]
[White "Schippke, Manon"]
[Black "Hernandez, Lara"]
[Result "1-0"]
[WhiteTitle "WFM"]
[WhiteElo "2097"]
[BlackElo "1947"]
[WhiteTeam "Metz Fischer"]
[BlackTeam "Tremblay en France"]
[WhiteFideId "45100446"]
[BlackFideId "26022028"]
[EventDate "2023.06.08"]

1. e4 d6 2. d4 Nf6 3. Bd3 e5 4. c3 d5 5. dxe5 Nxe4 6. Nf3 Nc5 7. Bc2 Bg4 8. O-O
Nc6 9. Bf4 Ne6 10. Bg3 Be7 11. Qe2 h5 12. h3 h4 13. Bh2 Bh5 14. Rd1 Ng5 15. Nbd2
Qd7 16. Qe3 Ne6 17. Nb3 O-O-O 18. Be4 Bxf3 19. Bxf3 Bg5 20. Qe1 Ne7 21. c4 d4
22. Na5 c6 23. b4 d3 24. b5 d2 25. Qe4 Qd4 26. bxc6 Nxc6 27. Nxc6 Qxe4 28. Nxa7+
Kb8 29. Bxe4 Kxa7 30. Rab1 Rd7 31. Kf1 Rc8 32. Rb4 g6 33. Bd5 Nd4 34. f4 Nc2 35.
Ra4+ Kb6 36. Bg1+ 1-0

[Event "TCh-FRA Top 16 Basse 2023"]
[Site "Chartres FRA"]
[Date "2023.06.08"]
[Round "1.2"]
[Board "1"]
[White "Donchenko, Alexander"]
[Black "Saada, Julien"]
[Result "1-0"]
[WhiteTitle "GM"]
[BlackTitle "FM"]
[WhiteElo "2667"]
[BlackElo "2245"]
[WhiteTeam "Vandoeuvre Echecs"]
[BlackTeam "Poitiers-Migne Echecs"]
[WhiteFideId "24603295"]
[BlackFideId "625388"]
[EventDate "2023.06.08"]

1. Nf3 d5 2. g3 Nf6 3. Bg2 e6 4. O-O Be7 5. c4 O-O 6. d4 dxc4 7. Qc2 c6 8. Qxc4
b5 9. Qc2 Bb7 10. Nc3 Nbd7 11. Rd1 Qb6 12. e4 c5 13. d5 c4 14. Be3 Bc5 15. Bd4
Rad8 16. b3 exd5 17. exd5 cxb3 18. Qxb3 a6 19. Rac1 Rfe8 20. Rc2 Ne4 21. Nxe4
Rxe4 22. Qd3 Rde8 23. Ng5 Re1+ 24. Bf1 Qh6 25. Qf5 Bxd4 26. Qxf7+ Kh8 27. Qxe8+ 1-0

[Event "TCh-FRA Top 16 Basse 2023"]
[Site "Chartres FRA"]
[Date "2023.06.08"]
[Round "1.2"]
[Board "2"]
[White "Mariette, Lucas"]
[Black "Solodovnichenko, Yuri"]
[Result "1/2-1/2"]
[WhiteTitle "FM"]
[BlackTitle "GM"]
[WhiteElo "2284"]
[BlackElo "2503"]
[WhiteTeam "Poitiers-Migne Echecs"]
[BlackTeam "Vandoeuvre Echecs"]
[WhiteFideId "26056526"]
[BlackFideId "14104369"]
[EventDate "2023.06.08"]

1. e4 c5 2. Nf3 Nc6 3. d4 cxd4 4. Nxd4 Nf6 5. Nc3 d6 6. Bg5 e6 7. Qd3 Bd7 8.
Ndb5 Nb4 9. Qd1 Qb8 10. Bf4 e5 11. Bg5 a6 12. Na3 b5 13. Nab1 Be7 14. Bxf6 Bxf6
15. a3 Nc6 16. Nd5 Bd8 17. Nbc3 O-O 18. Bd3 b4 19. axb4 Nxb4 20. b3 a5 21. O-O
Bb6 22. Nxb4 axb4 23. Nd5 Bc5 24. Qd2 Rxa1 25. Rxa1 Kh8 26. Qg5 f6 27. Qh4 Qd8
28. Bc4 h6 29. g4 Kh7 30. Kg2 g6 31. Rd1 Kg7 32. Rd3 h5 33. gxh5 Rh8 34. Rg3 g5
35. Nxf6 Qxf6 36. Rxg5+ Kh7 37. h6 Bxf2 38. Qh5 Rf8 39. Rg7+ Kh8 40. Rxd7 Bc5
41. Qf5 Qxf5 42. exf5 e4 43. Bf7 Kh7 44. Bg6+ Kxh6 45. h4 Rh8 46. Kf1 Be3 47.
Rxd6 Kg7 48. h5 Bg5 49. Rd4 e3 50. Rxb4 Rd8 51. Rb6 Rd1+ 52. Ke2 Rd2+ 53. Kf3
Rf2+ 54. Kg3 Bf4+ 55. Kg4 e2 56. f6+ Kh6 57. Rb7 Rg2+ 58. Kxf4 Rf2+ 59. Kg4 Rg2+
60. Kf4 Rf2+ 61. Kg4 Rg2+ 62. Kf4 1/2-1/2

[Event "TCh-FRA Top 16 Basse 2023"]
[Site "Chartres FRA"]
[Date "2023.06.08"]
[Round "1.2"]
[Board "4"]
[White "Tranchant, Sebastien"]
[Black "Decuigniere, Tom"]
[Result "0-1"]
[WhiteTitle "FM"]
[BlackTitle "FM"]
[WhiteElo "2292"]
[BlackElo "2375"]
[WhiteTeam "Poitiers-Migne Echecs"]
[BlackTeam "Vandoeuvre Echecs"]
[WhiteFideId "626732"]
[BlackFideId "26093820"]
[EventDate "2023.06.08"]

1. d4 Nf6 2. c4 e6 3. Nc3 d5 4. cxd5 exd5 5. Bg5 Bb4 6. e3 h6 7. Bxf6 Qxf6 8.
Qb3 Qd6 9. a3 Bxc3+ 10. Qxc3 Bf5 11. Nf3 Nd7 12. Bd3 Bxd3 13. Qxd3 c6 14. O-O
O-O 15. Rfc1 a5 16. Nd2 a4 17. e4 dxe4 18. Nxe4 Qd5 19. Rd1 Rfd8 20. Nc3 Qb3 21.
d5 Nb6 22. Qg3 Nxd5 23. Nxd5 Qxg3 24. hxg3 Rxd5 25. Rxd5 cxd5 26. Rd1 Ra5 27.
Rd4 Rb5 28. Rxa4 Rxb2 29. Ra5 Rb1+ 30. Kh2 d4 31. Rd5 Rd1 32. Rd8+ Kh7 33. Rd7
b5 34. Rd5 Rd3 35. Rxb5 Rxa3 36. Rd5 Rd3 37. g4 Kg6 38. Kg1 Rd1+ 39. Kh2 Kf6 40.
Kg3 Ke6 41. Rd8 Rd3+ 42. Kf4 g5+ 43. Ke4 Rd2 44. Kf3 Ke5 45. g3 Ra2 46. Rd7 f6
47. Rd8 Ra6 48. Ke2 Ra2+ 49. Kf3 Rb2 50. Rd7 Rb5 51. Rd8 Rb6 52. Ke2 Rb2+ 53.
Kf3 Rb5 54. Re8+ Kd5 55. Rd8+ Kc4 56. Rd6 d3 57. Rxf6 Rd5 58. Rxh6 d2 59. Rh1
Re5 0-1

[Event "TCh-FRA Top 16 Basse 2023"]
[Site "Chartres FRA"]
[Date "2023.06.08"]
[Round "1.2"]
[Board "5"]
[White "Brunner, Nicolas"]
[Black "Picard, Romain"]
[Result "1/2-1/2"]
[WhiteTitle "IM"]
[BlackTitle "IM"]
[WhiteElo "2424"]
[BlackElo "2301"]
[WhiteTeam "Vandoeuvre Echecs"]
[BlackTeam "Poitiers-Migne Echecs"]
[WhiteFideId "620246"]
[BlackFideId "627216"]
[EventDate "2023.06.08"]

1. d4 d5 2. c4 e6 3. Nf3 Nf6 4. Nc3 Nbd7 5. cxd5 exd5 6. Bf4 Nb6 7. Qc2 g6 8. e3
Bf5 9. Bd3 Bxd3 10. Qxd3 Bd6 11. Bh6 Bf8 12. Bf4 Bd6 13. Bh6 Bf8 14. Bxf8 Kxf8
15. O-O Kg7 16. Rfc1 Qe7 17. Ne5 Rhd8 18. Qc2 c6 19. Na4 Nxa4 20. Qxa4 a5 21.
Rab1 Ne4 22. Nd3 Re8 23. Qc2 Nd6 24. a4 Ra7 25. Qc5 Rea8 26. Re1 Qf6 27. b3 Ne4
28. Qc2 Nd6 29. Rec1 Qe7 30. Re1 Qf6 31. Rbc1 Qd8 32. Nc5 Qf6 33. Nd7 Qd8 34.
Nc5 Qf6 35. Nd7 Qd8 36. Nc5 1/2-1/2

[Event "TCh-FRA Top 16 Basse 2023"]
[Site "Chartres FRA"]
[Date "2023.06.08"]
[Round "1.2"]
[Board "6"]
[White "Lambert, Romain"]
[Black "Savina, Anastasia"]
[Result "0-1"]
[BlackTitle "IM"]
[WhiteElo "2201"]
[BlackElo "2341"]
[WhiteTeam "Poitiers-Migne Echecs"]
[BlackTeam "Vandoeuvre Echecs"]
[WhiteFideId "658111"]
[BlackFideId "4196872"]
[EventDate "2023.06.08"]

1. d4 d6 2. c4 e5 3. d5 Be7 4. Nc3 Bg5 5. e4 Bxc1 6. Rxc1 a5 7. c5 dxc5 8. Bb5+
Nd7 9. Qh5 Qf6 10. Bxd7+ Bxd7 11. Nf3 g5 12. Qxg5 Qxg5 13. Nxg5 Ne7 14. Nf3 f6
15. Nd1 c6 16. Ne3 cxd5 17. exd5 b6 18. O-O Bb5 19. Rfe1 O-O-O 20. Rcd1 Kc7 21.
Nh4 Rd7 22. Rd2 Rhd8 23. Red1 Ng6 24. Nhf5 Nf4 25. d6+ Kb7 26. f3 Ne2+ 27. Kf2
Nd4 28. b3 h5 29. h4 Rh7 30. Re1 Be8 31. g4 Bc6 32. Nxd4 cxd4 33. Nf5 hxg4 34.
fxg4 Bd7 35. Rh1 Bxf5 36. gxf5 Kc6 37. Kf3 Kd5 38. Rg2 Rh5 39. Kg4 Rh7 40. Kf3
Rxd6 41. h5 e4+ 42. Kf4 e3 43. h6 Rd8 44. Rg6 Re8 45. Rxf6 e2 46. Re6 Rxe6 47.
fxe6 Rxh6 48. e7 Re6 0-1

[Event "TCh-FRA Top 16 Basse 2023"]
[Site "Chartres FRA"]
[Date "2023.06.08"]
[Round "1.2"]
[Board "7"]
[White "Nezar, Mustapha"]
[Black "Ladrat, Matthieu"]
[Result "1-0"]
[WhiteTitle "IM"]
[WhiteElo "2356"]
[BlackElo "2161"]
[WhiteTeam "Vandoeuvre Echecs"]
[BlackTeam "Poitiers-Migne Echecs"]
[WhiteFideId "608637"]
[BlackFideId "618640"]
[EventDate "2023.06.08"]

1. d4 d5 2. Nf3 Nf6 3. c4 e6 4. Nc3 h6 5. g3 Bd6 6. Bg2 O-O 7. O-O Nc6 8. b3 Re8
9. Bb2 a6 10. Re1 dxc4 11. bxc4 e5 12. d5 Na5 13. Nd2 b6 14. Qc2 Nb7 15. Rf1 Nc5
16. a4 Qe7 17. e4 Bg4 18. h3 Bd7 19. Rfe1 g5 20. Nf1 g4 21. h4 Nh5 22. Bc1 Kh7
23. Ne3 Qf6 24. Ra2 Rg8 25. Nf5 Bf8 26. Bd2 Rg6 27. a5 bxa5 28. Rxa5 Nb7 29. Ra2
Bc5 30. Na4 Bxa4 31. Rxa4 Nxg3 32. Be3 Nxf5 33. exf5 Rgg8 34. d6 Bxe3 35. Rxe3
Nxd6 36. Bxa8 Rxa8 37. c5 Nb5 38. Rxg4 Nd4 39. Qe4 Re8 40. Reg3 Qxf5 41. Qxf5+
Nxf5 42. Rf3 h5 43. Ra4 Kg6 44. Rxa6+ Re6 45. Rxe6+ fxe6 46. Rh3 e4 47. Kf1 Kf6
48. Ra3 Ke7 49. Ra4 e3 50. fxe3 Nxe3+ 51. Ke2 Nf5 52. Kd3 Kd7 53. Re4 Ng3 54.
Rf4 e5 55. Rf7+ Ke6 56. Rxc7 Kd5 57. c6 e4+ 58. Kd2 e3+ 59. Kxe3 Nf5+ 60. Kf4
Nxh4 61. Rg7 Kxc6 62. Rg5 1-0

[Event "TCh-FRA Top 16 Basse 2023"]
[Site "Chartres FRA"]
[Date "2023.06.08"]
[Round "1.2"]
[Board "8"]
[White "Leriche, Ines"]
[Black "Pourquet, Matthieu"]
[Result "1-0"]
[WhiteElo "1917"]
[BlackElo "2181"]
[WhiteTeam "Poitiers-Migne Echecs"]
[BlackTeam "Vandoeuvre Echecs"]
[WhiteFideId "684090"]
[BlackFideId "20654642"]
[EventDate "2023.06.08"]

1. d4 Nf6 2. Nf3 c5 3. d5 b5 4. c3 Bb7 5. e4 Nxe4 6. Bxb5 g6 7. O-O Bg7 8. Re1
Nf6 9. c4 O-O 10. Nc3 Ba6 11. Bf4 Bxb5 12. Nxb5 d6 13. Qd2 Nbd7 14. Bh6 a6 15.
Nc3 Re8 16. Bxg7 Kxg7 17. Rad1 Qa5 18. b3 Rab8 19. Re3 Rb7 20. Rde1 Qd8 21. Ng5
Ne5 22. Nce4 Nxe4 23. Nxe4 Ng4 24. Rh3 h5 25. Ng5 Qd7 26. Qc3+ Kg8 27. Qc2 Nf6
28. Ne6 Reb8 29. Rg3 Qe8 30. Nf4 Kh7 31. Rg5 Kh6 32. Qd2 Kg7 33. Re3 Qh8 34. Rh3
h4 35. g3 Qh6 36. Rxh4 Qxg5 37. Ne6+ fxe6 38. Qxg5 exd5 39. Rh6 Kf7 40. Qxg6+
Ke6 41. cxd5+ Kxd5 42. Qd3+ Ke5 43. Qxa6 d5 44. Rg6 Rb5 45. Rg5+ Kd4 46. Qe6 Kc3
47. Qxe7 R8b6 48. Rf5 d4 49. Rxf6 Rb7 50. Qe1+ Kb2 51. Qd2+ 1-0

[Event "TCh-FRA Top 16 Basse 2023"]
[Site "Chartres FRA"]
[Date "2023.06.08"]
[Round "1.3"]
[Board "1"]
[White "Baklan, Vladimir"]
[Black "Cheng, Bobby"]
[Result "0-1"]
[WhiteTitle "GM"]
[BlackTitle "GM"]
[WhiteElo "2544"]
[BlackElo "2560"]
[WhiteTeam "C.E.Strasbourg"]
[BlackTeam "THF - St Quentin"]
[WhiteFideId "14102196"]
[BlackFideId "4300033"]
[EventDate "2023.06.08"]

1. e4 c5 2. Nf3 d6 3. d4 cxd4 4. Nxd4 Nf6 5. Nc3 a6 6. Be3 e5 7. Nf3 Be7 8. h3
Be6 9. g4 h6 10. g5 hxg5 11. Nxg5 Bg4 12. hxg4 Rxh1 13. Qf3 Rg1 14. O-O-O Qc8
15. Qh3 Nbd7 16. f3 Rxf1 17. Qxf1 Qc6 18. Qf2 Rc8 19. Kb1 b5 20. Qh2 Qc4 21. Rd3
Nc5 22. Bxc5 Qxc5 23. a3 a5 24. Nh3 b4 25. g5 Nd7 26. Nd5 Nb6 27. Nxb6 Qxb6 28.
a4 g6 29. Qd2 Kf8 30. f4 exf4 31. Rf3 Bxg5 32. Nxf4 Kg8 33. Qg2 Bxf4 34. Rxf4 b3
35. cxb3 Qxb3 36. Qd2 Rc4 37. e5 Rxf4 38. Qxf4 dxe5 39. Qxe5 Qd1+ 40. Ka2 Qxa4+
41. Kb1 Qd1+ 42. Ka2 Qd8 43. Ka3 Qf8+ 44. Ka2 Qb4 45. Qe8+ Kg7 46. Qe5+ Kh7 47.
Qf6 Qa4+ 48. Kb1 Qe4+ 49. Kc1 Qf5 50. Qh4+ Kg7 51. Qd4+ f6 0-1

[Event "TCh-FRA Top 16 Basse 2023"]
[Site "Chartres FRA"]
[Date "2023.06.08"]
[Round "1.3"]
[Board "2"]
[White "Kulaots, Kaido"]
[Black "Sanikidze, Tornike"]
[Result "1/2-1/2"]
[WhiteTitle "GM"]
[BlackTitle "GM"]
[WhiteElo "2509"]
[BlackElo "2491"]
[WhiteTeam "THF - St Quentin"]
[BlackTeam "C.E.Strasbourg"]
[WhiteFideId "4500261"]
[BlackFideId "13602608"]
[EventDate "2023.06.08"]

1. e4 e5 2. Nf3 Nc6 3. Bb5 a6 4. Ba4 Nf6 5. O-O b5 6. Bb3 Bc5 7. a4 Rb8 8. c3 d6
9. d4 Bb6 10. a5 Ba7 11. h3 Bb7 12. Be3 Nxe4 13. Re1 exd4 14. cxd4 d5 15. Nc3
Ne7 16. Nxe4 dxe4 17. Ng5 Bd5 18. Nxe4 Qd7 19. Bc2 O-O 20. Ng5 h6 21. Nf3 Ng6
22. Bxg6 fxg6 23. Ne5 Qd6 24. b4 Rbe8 25. Qd2 c6 26. Qc3 Bb8 27. Rac1 Qe6 28.
Bd2 Qf5 29. f3 Bxe5 30. dxe5 Bc4 31. Rcd1 Rd8 32. Be3 Rxd1 33. Rxd1 Re8 34. Bd4
Rd8 35. Re1 Rd7 36. Qe3 g5 37. Bc5 Rd3 38. Qe4 Qxe4 39. Rxe4 Kf7 40. Rd4 Rxd4
41. Bxd4 Ke6 42. Kf2 1/2-1/2

[Event "TCh-FRA Top 16 Basse 2023"]
[Site "Chartres FRA"]
[Date "2023.06.08"]
[Round "1.3"]
[Board "3"]
[White "Kovchan, Alexander"]
[Black "Chabanon, Jean-Luc"]
[Result "1-0"]
[WhiteTitle "GM"]
[BlackTitle "GM"]
[WhiteElo "2446"]
[BlackElo "2435"]
[WhiteTeam "C.E.Strasbourg"]
[BlackTeam "THF - St Quentin"]
[WhiteFideId "14103052"]
[BlackFideId "600075"]
[EventDate "2023.06.08"]

1. e4 d6 2. d4 Nf6 3. Nc3 g6 4. f4 Bg7 5. Nf3 c5 6. dxc5 Qa5 7. Qd3 Qxc5 8. Be3
Qa5 9. Qb5+ Qxb5 10. Bxb5+ Nc6 11. O-O-O Bg4 12. Be2 O-O-O 13. h3 Bxf3 14. Bxf3
h5 15. g3 Nd7 16. Ne2 Bh6 17. Bg2 Bg7 18. Rhe1 Kc7 19. a3 a6 20. a4 Nb6 21. b3
e5 22. h4 exf4 23. gxf4 Rhe8 24. Bd2 Nc8 25. Ng1 N8e7 26. Nf3 f6 27. Bh3 Bh6 28.
b4 b5 29. axb5 axb5 30. Bf1 Rb8 31. Bd3 d5 32. e5 fxe5 33. Nxe5 Nxe5 34. Rxe5
Bg7 35. Re6 Nc6 36. Rxg6 Bf8 37. f5 Rb6 38. Bf4+ Kb7 39. f6 Nxb4 40. Bf5 Ra8 41.
Kd2 Rc6 42. f7 Rc4 43. Be3 Rxh4 44. Rf1 Nc6 45. Be6 d4 46. Bf4 Bb4+ 47. Ke2 d3+
48. cxd3 Nd4+ 49. Ke3 Nxe6 50. Rxe6 Bc5+ 51. Ke4 Bf8 52. Re8 Ra4+ 53. Kf5 Ba3
54. Bg5 Rhd4 55. Be7 Rd5+ 56. Ke6 Rxd3 57. f8=Q Re3+ 58. Kf7 1-0

[Event "TCh-FRA Top 16 Basse 2023"]
[Site "Chartres FRA"]
[Date "2023.06.08"]
[Round "1.3"]
[Board "4"]
[White "Dionisi, Thomas"]
[Black "Vitoux, Colomban"]
[Result "1-0"]
[WhiteTitle "IM"]
[BlackTitle "IM"]
[WhiteElo "2395"]
[BlackElo "2371"]
[WhiteTeam "THF - St Quentin"]
[BlackTeam "C.E.Strasbourg"]
[WhiteFideId "651893"]
[BlackFideId "628549"]
[EventDate "2023.06.08"]

1. e4 c5 2. Nf3 Nf6 3. e5 Nd5 4. Nc3 e6 5. Nxd5 exd5 6. d4 Nc6 7. dxc5 Bxc5 8.
Qxd5 d6 9. exd6 Qb6 10. Qe4+ Be6 11. Qh4 Bxd6 12. Be2 Be7 13. Qa4 O-O 14. O-O
Rfe8 15. c3 Rad8 16. Qc2 Qc7 17. Ng5 Bxg5 18. Bxg5 Nd4 19. Bxd8 Rxd8 20. Qd3
Nxe2+ 21. Qxe2 Bc4 22. Qe3 Bxf1 23. Rxf1 b5 24. Re1 h6 25. g3 a5 26. Qe4 Qc5 27.
Re2 g6 28. Kg2 Kh7 29. a3 Rd6 30. Re3 Rf6 31. b4 axb4 32. axb4 Qc7 33. h4 h5 34.
Rf3 Rc6 35. Rxf7+ 1-0